A full relation of the great victory obtained by the Parliaments forces under the command of Lievt. Gen. Cromwel against the whole army of the Scots, under the conduct of Duke Hamilton. : With the numbers slaine and taken prisoners. Sent in a letter under the Lievt. Generals owne hand: which was read in both Houses of Parliament upon Wednesday the 23 of Aug. 1648. With an order of Parliament for a thanksgiving for the same. Die Mercurii 23 August. 1648. Ordered by the lords assembled in Parliament, that Lievt Generall Cromwels letter be forthwith printed and published. Joh. Brown Cler. Parliament.

Bibliographic Details
Main Author: Cromwell, Oliver, 1599-1658
Corporate Author: England and Wales. Parliament. House of Lords (Author)
Format: eBook
Language:English
Published: Imprinnted [sic] at London : for Iohn Wright at the Kings Head in the old Bayley, 1648.
Series:Early English books online.
Subjects:
Online Access:Connect to the full text of this electronic book

MARC

Tag First Indicator Second Indicator Subfields
LEADER 00000nam a2200000 4500
001 in00004280139
005 20200813074924.0
006 m g d
007 cr bn |||a|bb|
008 930113s1648 enk o 00| | eng d
035 |a (UnM)99862562 
037 |a CL0051000003  |b ProQuest Information and Learning. 300 N. Zeeb Rd., Ann Arbor, MI 48106 
040 |a Cu-RivES  |c Cu-RivES  |d CStRLIN  |e dcrb  |d WaOLN 
100 1 |a Cromwell, Oliver,  |d 1599-1658. 
245 1 2 |a A full relation of the great victory obtained by the Parliaments forces under the command of Lievt. Gen. Cromwel against the whole army of the Scots, under the conduct of Duke Hamilton. :  |b With the numbers slaine and taken prisoners. Sent in a letter under the Lievt. Generals owne hand: which was read in both Houses of Parliament upon Wednesday the 23 of Aug. 1648. With an order of Parliament for a thanksgiving for the same. Die Mercurii 23 August. 1648. Ordered by the lords assembled in Parliament, that Lievt Generall Cromwels letter be forthwith printed and published. Joh. Brown Cler. Parliament. 
246 2 |a Full relation of the great victory obtained by the Parliaments forces under the command of Lieut. Gen. Cromwel against the whole army of the Scots, under the conduct of Duke Hamilton 
260 |a Imprinnted [sic] at London :  |b for Iohn Wright at the Kings Head in the old Bayley,  |c 1648. 
300 |a 1 online resource (8 pages) 
336 |a text  |b txt  |2 rdacontent 
337 |a computer  |b c  |2 rdamedia 
338 |a online resource  |b cr  |2 rdacarrier 
500 |a Annotation on Thomason copy: "Aug ye 24". 
500 |a Reproduction of the original in the British Library. 
510 4 |a Wing (2nd edition)  |c F2362. 
510 4 |a Thomason  |c E.460[28]. 
533 |a Electronic reproduction.  |b Ann Arbor, Mich. :  |c UMI,  |d 1999-  |f (Early English books online)  |n Digital version of: (Thomason Tracts ; 73:E460[28])  |7 s1999 miun s 
650 0 |a Preston, Battle of, 1648  |v Early works to 1800. 
651 4 |a Great Britain  |x History  |y Civil War, 1642-1649  |v Early works to 1800. 
710 1 |a England and Wales.  |b Parliament.  |b House of Lords.  |4 aut 
830 0 |a Early English books online. 
856 4 0 |u http://proxy.library.tamu.edu/login?url=https://search.proquest.com/docview/2240961598  |z Connect to the full text of this electronic book  |t 0 
999 f f |s 109a7710-08f5-323b-920f-10508e8c8b95  |i d0b74724-e02f-32bd-acb7-0b2bf612ddba  |t 0 
952 f f |a Texas A&M University  |b College Station  |c Electronic Resources  |d Available Online  |t 0  |h No information provided 
998 f f |t 0  |l Available Online